000 00723nam a2200217Ia 4500
001 4400
003 GE_BSU
008 181216s||||||||xx |||||||||||||| ||und||
040 _cGE_BSU
080 _a532+628.1(075.8)
100 _aПрозоров,И.В. Николадзе,Г.И. Минаев,А.В.
245 _aГидравлика, водоснабжение и канализация городов.
245 _bУчебник для вузов.
260 _aМ.
260 _bВысш. школа.
260 _c1975.
300 _a422 стр. 23 см. с илл.
300 _eТабл.
653 _aГидравлика, водоснабжение и канализация городов.
942 _cBK
999 _c38390
_d38390